Most Popular Websites 1996-2000 - Statistics

General Stats
  • This quiz has been taken 57 times
  • The average score is 14 of 45
Answer Stats
Hint Answer % Correct
6 Go
95%
4 Yahoo
83%
2 Yahoo
83%
2 Yahoo
83%
2 Yahoo
83%
2 Yahoo
83%
7 Amazon
60%
7 Amazon
60%
1 AOL
50%
1 AOL
50%
1 AOL
50%
1 AOL
50%
1 AOL
50%
8 Microsoft
43%
3 Microsoft
43%
3 Microsoft
43%
4 MSN
36%
9 MSN
36%
4 MSN
36%
3 Netscape
21%
3 Netscape
21%
5 Netscape
21%
5 Geocities
17%
3 Geocities
17%
6 Excite
14%
6 Excite
14%
5 Excite
14%
4 Excite
14%
8 Disney
12%
5 Infoseek
10%
7 Infoseek
10%
8 Lycos
10%
7 Lycos
10%
4 Lycos
10%
5 Lycos
10%
8 NBC
10%
6 Prodigy
10%
2 Webcrawler
10%
9 About
7%
6 About
7%
7 Compuserve
7%
9 American Greetings
5%
9 CNET
5%
9 Primenet
5%
8 Umich.edu
5%
No matching quizzes found
Score Distribution
Percent of People with Each Score
Percentile by Number Answered
Your Score History
You have not taken this quiz